[Event "BCF-chT4 1516 (4NCL)"]
[Site "England"]
[Date "2016.05.02"]
[Round "11.99"]
[White "Pollack, Oscar"]
[Black "Thompson, Richard G"]
[Result "1-0"]
[WhiteElo "1967"]
[BlackElo "1772"]
[PlyCount "135"]
[EventDate "2015.11.14"]
[EventType "team-swiss"]
[EventRounds "11"]
[EventCountry "ENG"]
[SourceTitle "EXT 2017"]
[Source "ChessBase"]
[SourceDate "2016.10.25"]
[SourceVersion "1"]
[SourceVersionDate "2016.10.25"]
[SourceQuality "1"]
[WhiteTeam "Barnet Knights"]
[BlackTeam "Shropshire II"]
[WhiteTeamCountry "ENG"]
[BlackTeamCountry "ENG"]

1. d4 Nf6 2. Bg5 e6 3. e4 Be7 4. Nc3 h6 5. Bxf6 Bxf6 6. e5 Be7 7. Qg4 g6 8. Bd3 h5 9. Qe2 Nc6 10. Nf3 b6 11. 0-0-0 Bb7 12. a3 Bg5+ 13. Kb1 Bh6 14. Ne4 Bg7 15. h4 Qe7 16. Rhe1 0-0-0 17. g3 Qe8 18. Ba6 Ne7 19. Qc4 Kb8 20. Bxb7 Kxb7 21. Rd3 Nd5 22. Rb3 d6 23. Qe2 Bf8 24. c4 Ne7 25. exd6 cxd6 26. c5 Nd5 27. Rc1 dxc5 28. dxc5 Rc8 29. Ne5 f6 30. Nc4 Kb8 31. Ncd6 Bxd6 32. Nxd6 Qa4 33. Ka2 Rc6 34. Qxe6 Qd4 35. Qd7 Rc7 36. Qb5 Re7 37. Rd3 Qe5 38. Nc4 Qe6 39. cxb6 Nxb6 40. Rd6 Qf7 41. Kb1 Rb7 42. Na5 Rc7 43. Nc6+ Ka8 44. Rcd1 Rhc8 45. Nxa7 Rxa7 46. Rxb6 Qc7 47. Qd5+ Rb7 48. Rxb7 Qxb7 49. Qxb7+ Kxb7 50. b4 Rc3 51. Kb2 Rf3 52. Rd2 Kb6 53. a4 Ka6 54. Kc2 Ra3 55. Rd6+ Kb7 56. Rxf6 Rxa4 57. Kb3 Ra1 58. Rxg6 Rf1 59. f4 Rf3+ 60. Kc4 Ra3 61. g4 hxg4 62. Rxg4 Rh3 63. Kb5 Kc7 64. f5 Rf3 65. Rg5 Rf4 66. h5 Kb7 67. h6 Rh4 68. Rg7+ 1-0